Statistics for Beatles Songs Quiz by Albums in Chronological Order by typing any Word in the Title

Click here to take the quiz!

General Stats

  • This quiz has been taken 438 times
  • The average score is 159 of 209

Answer Stats

Year Album Song Title2 Title 3 % Correct
1964A Hard Day's NightA Hard Day's NightA HARD DAY'S NIGHT
100%
1967Sgt. Pepper's Lonely Hearts Club BandWith a Little Help from
My Friends
100%
1963Please Please MeThere's a Place
99%
1967Sgt. Pepper's Lonely Hearts Club BandA Day in the Life
99%
1963With the BeatlesNot a Second Time
99%
1963With the BeatlesYou Really Got a
Hold on Me
99%
1964Beatles for SaleEight Days a Week
99%
1968The BeatlesHappiness is a
Warm Gun
99%
1969Yellow SubmarineOnly a Northern Song
99%
1967Sgt. Pepper's Lonely Hearts Club BandFixing a Hole
99%
1967Magical Mystery TourBaby, You're a Rich Man
99%
1963Please Please MeA Taste of Honey
99%
1965Help!I've Just Seen a Face
99%
1964Past MastersShe's a Woman
99%
1964Beatles for SaleI'm a Loser
99%
1963Please Please MeDo You Want
to Know a Secret
99%
1969Let It BeDig a Pony
99%
1969Let It BeI've Got a Feeling
99%
1962Please Please MeP.S. I Love You
98%
1963With the BeatlesI Wanna Be Your Man
98%
1964A Hard Day's NightAnd I Love Her
98%
1966RevolverGot To Get You Into My Life
97%
1966RevolverI Want to Tell You
97%
1966RevolverLove You To
97%
1965Help!I Need You
97%
1965Help!You've Got to Hide
Your Love Away
97%
1964Beatles for SaleEverybody's Trying
to Be My Baby
97%
1967Sgt. Pepper's Lonely Hearts Club BandLucy in the Sky
with Diamonds
97%
1965Rubber SoulIf I Needed Someone
97%
1963Please Please MeI Saw Her Standing There
97%
1967Sgt. Pepper's Lonely Hearts Club BandBeing for the Benefit
of Mr. Kite!
97%
1967Magical Mystery TourI Am the Walrus
97%
1968The BeatlesWhy Don't We Do It
in the Road?
97%
1968The BeatlesI Will
97%
1968The BeatlesEverybody's Got
Something to Hide Except
Me and My Monkey
97%
1967Magical Mystery TourAll You Need Is Love
97%
1969Abbey RoadI Want You
(She's So Heavy)
97%
1968Let It BeI Me Mine
97%
1969Let It BeThe Long
and Winding Road
97%
1963Past MastersFrom Me to You
97%
1963Past MastersI Want to Hold Your Hand
97%
1964Past MastersI Call Your Name
97%
1964Past MastersI Feel Fine
97%
1964Beatles for SaleI Don't Want
to Spoil the Party
97%
1970Past MastersYou Know my Name
(Look Up the Number)
97%
1963With the BeatlesMoney (That's
What I Want)
97%
1964A Hard Day's NightI Should Have
Known Better
97%
1964A Hard Day's NightIf I Fell
97%
1964A Hard Day's NightI'm Happy Just
to Dance with You
97%
1964A Hard Day's NightWhen I Get Home
97%
1964A Hard Day's NightCan't Buy Me Love
97%
1962Please Please MeLove Me Do
97%
1967Magical Mystery TourThe Fool on the Hill
96%
1969Let It BeFor You Blue
96%
1963Past MastersI'll Get You
96%
1965Rubber SoulYou Won't See Me
96%
1969Abbey RoadShe Came in Through the
Bathroom Window
96%
1965Help!Tell Me What You See
96%
1969Abbey RoadYou Never Give Me
Your Money
96%
1968The BeatlesBack in the U.S.S.R.
96%
1965Help!You Like Me Too Much
96%
1965Rubber SoulI'm Looking Through You
95%
1969Abbey RoadHere Comes the Sun
95%
1964Beatles for SaleI'll Follow the Sun
95%
1962Please Please MePlease Please MePLEASE PLEASE ME
95%
1967Sgt. Pepper's Lonely Hearts Club BandWithin You Without You
95%
1964Beatles for SaleWords of Love
95%
1963Past MastersThank You Girl
95%
1963Past MastersShe Loves You
95%
1964A Hard Day's NightYou Can't Do That
95%
1969Past MastersThe Ballad of John
and Yoko
95%
1963With the BeatlesAll I've Got to Do
94%
1965Help!The Night Before
94%
1963With the BeatlesTill There Was You
94%
1965Rubber SoulThe Word
94%
1968The BeatlesThe Continuing Story
of Bungalow Bill
94%
1963Please Please MeBaby It's You
94%
1968Past MastersThe Inner Light
93%
1969Let It BeAcross the Universe
93%
1965Help!You're Going
to Lose That Girl
93%
1969Past MastersDon't Let Me Down
93%
1963Please Please MeAnna (Go to Him)
93%
1969Abbey RoadThe End
93%
1965Help!It's Only Love
92%
1963With the BeatlesDevil in Her Heart
92%
1964A Hard Day's NightI'll Be Back
92%
1969Let It BeLet It BeLET IT BE
92%
1966RevolverAnd Your Bird Can Sing
91%
1963With the BeatlesIt Won't Be Long
90%
1968The BeatlesDon't Pass Me By
90%
1963With the BeatlesDon't Bother Me
90%
1965Past MastersYes it Is
90%
1966RevolverHere, There and Everywhere
89%
1968The BeatlesI'm So Tired
89%
1964A Hard Day's NightTell Me Why
89%
1965Past MastersWe Can Work It Out
88%
1965Rubber SoulRun for Your Life
88%
1963With the BeatlesHold Me Tight
88%
1962Please Please MeAsk Me Why
88%
1965Rubber SoulIn My Life
88%
1964Beatles for SaleBaby's in Black
86%
1966RevolverGood Day Sunshine
85%
1966RevolverFor No One
85%
1969Abbey RoadHer Majesty
84%
1963With the BeatlesAll My Loving
84%
1968The BeatlesMartha My Dear
84%
1965Rubber SoulDrive My Car
84%
1964Beatles for SaleRock and Roll Music
83%
1965Help!Ticket to Ride
82%
1968The BeatlesWhile My Guitar
Gently Weeps
82%
1965Rubber SoulWhat Goes On
81%
1966RevolverYellow SubmarineYELLOW SUBMARINE
81%
1967Sgt. Pepper's Lonely Hearts Club BandWhen I'm Sixty-Four
80%
1966RevolverShe Said She Said
79%
1967Sgt. Pepper's Lonely Hearts Club BandSgt. Pepper's Lonely
Hearts Club Band
Sgt. Pepper's Lonely
Hearts Club Band (reprise)
SGT. PEPPER'S LONELY
HEARTS CLUB BAND
79%
1963Please Please MeTwist and Shout
77%
1969Let It BeGet Back
76%
1965Help!Help!HELP!
76%
1967Magical Mystery TourYour Mother Should Know
76%
1968The BeatlesRevolution 1Revolution
75%
1969Let It BeTwo of Us
75%
1967Abbey RoadCome Together
75%
1963With the BeatlesPlease Mr. Postman
74%
1968The BeatlesGood Night
74%
1969Yellow SubmarineIt's All Too Much
73%
1965Rubber SoulNorwegian Wood
(This Bird Has Flown)
73%
1964Beatles for SaleKansas City /
Hey, Hey, Hey, Hey
71%
1968Past MastersHey Jude
71%
1969Yellow SubmarineHey Bulldog
70%
1970Let It BeDig It
70%
1964A Hard Day's NightAny Time at All
70%
1967Magical Mystery TourPenny Lane
69%
1969Abbey RoadSomething
68%
1966RevolverEleanor Rigby
68%
1966RevolverI'm Only Sleeping
67%
1969Yellow SubmarineAll Together Now
67%
1968The BeatlesRevolution 9
67%
1964Beatles for SaleHoney Don't
67%
1964Beatles for SaleNo Reply
67%
1965Past MastersDay Tripper
67%
1965Rubber SoulThink for Yourself
66%
1965Past MastersI'm Down
65%
1963Past MastersThis Boy
64%
1967Magical Mystery TourBlue Jay Way
64%
1967Sgt. Pepper's Lonely Hearts Club BandGood Morning Good Morning
63%
1967Magical Mystery TourStrawberry Fields Forever
63%
1969Abbey RoadOctopus's Garden
63%
1969Magical Mystery TourMagical Mystery TourMAGICAL MYSTERY TOUR
62%
1965Help!Yesterday
62%
1964A Hard Day's NightThings We Said Today
61%
1969Abbey RoadMean Mr. Mustard
60%
1965Help!Another Girl
60%
1969Abbey RoadSun King
60%
1965Rubber SoulGirl
59%
1969Abbey RoadCarry That Weight
59%
1965Past MastersBad Boy
59%
1967Sgt. Pepper's Lonely Hearts Club BandLovely Rita
56%
1968The BeatlesCry Baby Cry
56%
1967Sgt. Pepper's Lonely Hearts Club BandShe's Leaving Home
56%
1968The BeatlesDear Prudence
56%
1966RevolverTaxman
55%
1968The BeatlesWild Honey Pie
55%
1968The BeatlesHoney Pie
54%
1969Abbey RoadMaxwell's Silver Hammer
53%
1966RevolverTomorrow Never Knows
53%
1968The BeatlesBlackbird
53%
1968The BeatlesJulia
51%
1964Beatles for SaleWhat You're Doing
51%
1969Abbey RoadPolythene Pam
51%
1969Let It BeOne After 909
51%
1965Rubber SoulMichelle
50%
1967Magical Mystery TourHello, Goodbye
50%
1968The BeatlesHelter Skelter
49%
1965Rubber SoulNowhere Man
49%
1969Abbey RoadBecause
49%
1964Past MastersLong Tall Sally
48%
1968The BeatlesGlass Onion
47%
1967Sgt. Pepper's Lonely Hearts Club BandGetting Better
47%
1968The BeatlesLong, Long, Long
47%
1964Beatles for SaleMr. Moonlight
46%
1964Beatles for SaleEvery Little Thing
45%
1964A Hard Day's NightI'll Cry Instead
45%
1968The BeatlesBirthday
45%
1969Abbey RoadOh! Darling
44%
1968The BeatlesOb-La-Di, Ob-La-Da
44%
1968The BeatlesRocky Raccoon
44%
1968The BeatlesSexy Sadie
44%
1968The BeatlesMother Nature's Son
43%
1968The BeatlesYer Blues
43%
1968The BeatlesPiggies
42%
1969Abbey RoadGolden Slumbers
42%
1966Past MastersPaperback Writer
41%
1967Magical Mystery TourFlying
41%
1963Please Please MeBoys
38%
1963Please Please MeChains
37%
1966RevolverDoctor Robert
37%
1968Past MastersLady Madonna
37%
1964With the BeatlesRoll Over Beethoven
34%
1968The BeatlesSavoy Truffle
33%
1963Please Please MeMisery
33%
1966Past MastersRain
33%
1964Past MastersSlow Down
33%
1969Past MastersOld Brown Shoe
31%
1965Rubber SoulWait
30%
1965Help!Dizzy Miss Lizzy
27%
1965Help!Act Naturally
27%
1969Let It BeMaggie Mae
26%
1963With the BeatlesLittle Child
25%
1964Past MastersMatchbox
20%

Score Distribution

Percentile by Number Answered

Percent of People with Each Score

Your Score History

You have not taken this quiz